Peter's quotations : (Record no. 54344)
[ view plain ]
| 000 -LEADER | |
|---|---|
| fixed length control field | 00469nam a22001457a 4500 |
| 008 - FIXED-LENGTH DATA ELEMENTS--GENERAL INFORMATION | |
| fixed length control field | 190708b ||||| |||| 00| 0 eng d |
| 050 ## - LIBRARY OF CONGRESS CALL NUMBER | |
| Classification number | PN6083 |
| Item number | .P44 1977 |
| 245 ## - TITLE STATEMENT | |
| Title | Peter's quotations : |
| Remainder of title | ideas for our time / |
| Statement of responsibility, etc | [compiled] by Laurence J. Peter |
| 260 ## - PUBLICATION, DISTRIBUTION, ETC. (IMPRINT) | |
| Place of publication, distribution, etc | oronto ; |
| -- | New York : |
| Name of publisher, distributor, etc | Bantam Books, |
| Date of publication, distribution, etc | c1977 |
| 300 ## - PHYSICAL DESCRIPTION | |
| Extent | xxxvii, 579 p. ; |
| Dimensions | 18 cm |
| 500 ## - GENERAL NOTE | |
| General note | Includes index |
| 650 ## - SUBJECT ADDED ENTRY--TOPICAL TERM | |
| Topical term or geographic name as entry element | Quotations, English |
| 700 ## - ADDED ENTRY--PERSONAL NAME | |
| Personal name | Peter, Laurence J |
| 942 ## - ADDED ENTRY ELEMENTS (KOHA) | |
| Source of classification or shelving scheme | Library of Congress Classification |
| Item type | Book |
| Withdrawn status | Lost status | Source of classification or shelving scheme | Damaged status | Not for loan | Collection code | Home library | Current library | Shelving location | Date acquired | Source of acquisition | Cost, normal purchase price | Full call number | Barcode | Copy number | Price effective from | Koha item type |
|---|---|---|---|---|---|---|---|---|---|---|---|---|---|---|---|---|
| Library of Congress Classification | Not For Loan | Non-fiction | Bishop Okullu Memorial Library (Limuru Campus) | Bishop Okullu Memorial Library (Limuru Campus) | Reference | 08/07/2019 | Donations | 500.00 | REF PN6083 .P44 1977 | 061825 | 1 | 08/07/2019 | Book |